[Event "St Louis Spring B"]
[Site "Saint Louis USA"]
[Date "2022.03.02"]
[Round "1.1"]
[White "Hungaski, Robert"]
[Black "Yoo, Christopher Woojin"]
[Result "0-1"]
[WhiteTitle "GM"]
[BlackTitle "IM"]
[WhiteElo "2537"]
[BlackElo "2514"]
[WhiteFideId "2021030"]
[BlackFideId "30909694"]
[EventDate "2022.03.02"]

1. d4 Nf6 2. Nf3 d5 3. Bf4 Bf5 4. c4 e6 5. Qb3 Nc6 6. Nbd2 dxc4 7. Qxc4 h6 8. e3
Bd6 9. Bg3 Ne4 10. Bd3 Nxd2 11. Nxd2 Bxg3 12. hxg3 Bxd3 13. Qxd3 Qd5 14. O-O e5
15. Rfd1 exd4 16. Nb3 Rd8 17. exd4 O-O 18. a4 Nb4 19. Qc3 a5 20. Qf3 b6 21. Qxd5
Nxd5 22. Rac1 Rd7 23. Re1 f6 24. g4 Kf7 25. g3 Nb4 26. Re3 Re8 27. Kf1 Rxe3 28.
fxe3 Re7 29. e4 Rxe4 30. Rxc7+ Kg6 31. Kf2 Rxg4 32. Kf3 h5 33. Rb7 Nd5 34. Rd7
Rg5 35. Rb7 Ne3 36. Nd2 Nf5 37. Ne4 Nxd4+ 38. Ke3 Rd5 39. Rxb6 Nc2+ 40. Kf2 Rd4
41. Nc5 Rd2+ 42. Kf3 Kf5 43. Ra6 Ne1+ 44. Ke3 Rd5 45. Nb7 Re5+ 46. Kd2 Nf3+ 47.
Kc3 Re3+ 48. Kc2 Nd4+ 49. Kd2 Rxg3 50. Rxa5+ Kg4 51. Ra7 h4 52. Nd6 Kf3 53. Ra8
h3 54. Rh8 Kg2 55. a5 Nb3+ 56. Ke2 Nxa5 57. Nf5 Rb3 58. Nh4+ Kg1 59. Nf3+ Rxf3
60. Kxf3 h2 61. b4 Nb7 0-1

[Event "St Louis Spring B"]
[Site "Saint Louis USA"]
[Date "2022.03.02"]
[Round "1.2"]
[White "Mikaelyan, Arman"]
[Black "Khanin, Semen"]
[Result "1/2-1/2"]
[WhiteTitle "GM"]
[BlackTitle "IM"]
[WhiteElo "2497"]
[BlackElo "2509"]
[WhiteFideId "13304852"]
[BlackFideId "4111990"]
[EventDate "2022.03.02"]

1. d4 Nf6 2. c4 e6 3. Nf3 d5 4. Nc3 Bb4 5. Qa4+ Nc6 6. e3 O-O 7. Qc2 b6 8. Bd2
Ne7 9. a3 Bxc3 10. Bxc3 dxc4 11. Bxc4 Bb7 12. O-O Ne4 13. Bb4 a5 14. Bxe7 Qxe7
15. Bd3 Nf6 16. Ne5 Qd6 17. f4 Rac8 18. Rad1 c5 19. dxc5 Qxc5 20. Qxc5 Rxc5 21.
Nc4 Ba6 22. Nxb6 Bxd3 23. Rxd3 Rc2 24. Rf2 Rc1+ 25. Rf1 Rc2 26. b3 Ne4 27. Rfd1
h5 28. Rd4 Nc3 29. R4d2 Nxd1 30. Rxc2 Nxe3 31. Rc3 Nf5 32. Kf2 Rb8 33. Nc4 Rc8
34. Ke2 Ne7 35. g3 Rc5 36. Kd2 Nd5 37. Rc2 Rb5 38. Rb2 h4 39. Kd3 hxg3 40. hxg3
g5 41. a4 Nb4+ 42. Kc3 Rc5 43. Rd2 Kg7 44. Rd7 gxf4 45. gxf4 Rf5 46. Ra7 Rxf4
47. Rxa5 Nd5+ 48. Kb2 f5 49. Ra7+ Kf6 50. a5 Rf2+ 51. Ka3 f4 52. a6 f3 53. Rb7
Rf1 54. a7 Ra1+ 55. Kb2 Ra6 56. Nd2 f2 57. Ne4+ Ke5 58. Nxf2 Kd6 59. Ne4+ Kc6
60. Rg7 Nc7 61. Ng5 Kb6 62. Re7 Rxa7 63. Nxe6 Nxe6 64. Rxe6+ Kb5 1/2-1/2

[Event "St Louis Spring B"]
[Site "Saint Louis USA"]
[Date "2022.03.02"]
[Round "1.3"]
[White "Moradiabadi, Elshan"]
[Black "Raja, Harshit"]
[Result "1-0"]
[WhiteTitle "GM"]
[BlackTitle "GM"]
[WhiteElo "2540"]
[BlackElo "2482"]
[WhiteFideId "12501255"]
[BlackFideId "5089000"]
[EventDate "2022.03.02"]

1. d4 Nf6 2. c4 e6 3. Nf3 d5 4. Nc3 Be7 5. Bg5 O-O 6. Rc1 h6 7. Bh4 b6 8. e3 Bb7
9. Bxf6 Bxf6 10. cxd5 exd5 11. Be2 Nd7 12. O-O Be7 13. Qb3 c6 14. Rfd1 Bd6 15.
Nd2 f5 16. g3 Kh8 17. Bd3 Qe8 18. Re1 g5 19. Qc2 Qe6 20. f4 g4 21. a3 a5 22. Na4
Rae8 23. Rb1 c5 24. Bb5 cxd4 25. exd4 Qxe1+ 26. Rxe1 Rxe1+ 27. Kf2 Re7 28. Bxd7
Rxd7 29. Nxb6 Re7 30. Na4 Rfe8 31. Qd3 Kg7 32. Nc3 Kg6 33. Qb5 Rb8 34. Qxa5 Re6
35. Qa4 Rbe8 36. Qb5 R8e7 37. Qd3 Bb8 38. b4 Re1 39. a4 Ba7 40. a5 Ra1 41. Nf1
Re4 42. Nxe4 dxe4 43. Qc4 Kf6 44. Ne3 1-0

[Event "St Louis Spring B"]
[Site "Saint Louis USA"]
[Date "2022.03.02"]
[Round "1.4"]
[White "Repka, Christopher"]
[Black "Ali Marandi, Cemil Can"]
[Result "1-0"]
[WhiteTitle "GM"]
[BlackTitle "GM"]
[WhiteElo "2508"]
[BlackElo "2524"]
[WhiteFideId "14918781"]
[BlackFideId "6300529"]
[EventDate "2022.03.02"]

1. d4 Nf6 2. c4 g6 3. Nc3 Bg7 4. h4 d6 5. e4 Nc6 6. d5 Ne5 7. Nf3 Bg4 8. Be2
Bxf3 9. gxf3 e6 10. f4 Ned7 11. dxe6 fxe6 12. h5 Qe7 13. h6 Bf8 14. Be3 e5 15.
f5 c6 16. Qc2 Qf7 17. O-O-O Be7 18. Kb1 O-O 19. f4 Kh8 20. c5 dxc5 21. fxg6 hxg6
22. f5 gxf5 23. exf5 Nb6 24. Rdg1 Nfd5 25. Nxd5 Nxd5 26. Bd2 Nf4 27. Bxf4 exf4
28. Bc4 Qxf5 29. Rg8+ 1-0

[Event "St Louis Spring B"]
[Site "Saint Louis USA"]
[Date "2022.03.02"]
[Round "1.5"]
[White "Mishra, Abhimanyu"]
[Black "Stremavicius, Titas"]
[Result "1/2-1/2"]
[WhiteTitle "GM"]
[BlackTitle "GM"]
[WhiteElo "2505"]
[BlackElo "2520"]
[WhiteFideId "30920019"]
[BlackFideId "12804444"]
[EventDate "2022.03.02"]

1. e4 c5 2. Nf3 Nc6 3. Bb5 e5 4. O-O Bd6 5. c3 a6 6. Ba4 b5 7. Bb3 c4 8. Bc2 Nf6
9. d4 cxd3 10. Qxd3 Bc7 11. Rd1 h6 12. b4 a5 13. Na3 axb4 14. Nxb5 O-O 15. Be3
Bb6 16. c4 Ng4 17. c5 Nxe3 18. Qxe3 Ra5 19. cxb6 Rxb5 20. Ba4 Rxb6 21. Bxc6 Rxc6
22. Nxe5 Re6 23. Nd3 Qe7 24. f3 d5 25. Nf4 dxe4 26. Nxe6 exf3 27. Qxf3 Bxe6 28.
Qe4 Qa7+ 29. Kh1 Qa3 30. Rab1 Qxa2 31. Rxb4 Qa8 32. Kg1 Qxe4 33. Rxe4 Rc8 34.
Rd2 Rc4 35. Re3 Kh7 36. Rf3 Rc5 37. Rf4 Rc4 38. Rf1 Rc5 39. Re1 Rd5 40. Rb2 Ra5
41. Re3 Ra1+ 42. Kf2 Ra2 43. Rxa2 Bxa2 44. Re7 h5 45. Ke3 g6 46. Kf4 Kg7 47. Re2
Bc4 48. Rc2 Bb3 49. Rb2 Bc4 50. Ke5 Be6 51. Rf2 Bc4 52. Kd6 Be6 53. Ke7 Bb3 54.
Rf4 Be6 55. g3 Bf5 56. Rd4 Be6 57. Rd6 Bc4 58. Rb6 Bd5 59. Kd6 Be6 60. Ke5 Bg4
61. Rb7 Bh3 62. Rb3 Bg4 63. Rb2 Bh3 64. Rf2 Bg4 65. Kd6 Kf8 66. Ra2 Be6 67. Ra8+
Kg7 68. Ke7 Bd5 69. Ra4 Bb3 70. Rb4 Be6 71. Rf4 Bf5 72. h3 Be6 73. g4 hxg4 74.
hxg4 g5 75. Rf6 Bb3 76. Rf5 Kg6 77. Rb5 Bc4 78. Rb4 Ba2 79. Rb2 Bc4 80. Kd6 Be6
81. Rb4 Kf6 82. Re4 Bc8 83. Kc5 Bb7 84. Rb4 Bc8 85. Kd5 Be6+ 86. Kd6 Bc8 87. Rc4
Be6 88. Re4 Bc8 89. Kc5 Bb7 90. Re1 Bc8 91. Rf1+ Kg6 92. Rg1 Be6 93. Kd4 Kf6 94.
Ke4 Bc8 95. Kf3 Bb7+ 96. Kg3 Bc8 97. Rf1+ Kg6 98. Rc1 Bd7 99. Rd1 Bc8 100. Rd6+
Kg7 101. Rb6 Bd7 102. Kf3 Bc8 103. Rd6 1/2-1/2

[Event "St Louis Spring B"]
[Site "Saint Louis USA"]
[Date "2022.03.03"]
[Round "2.1"]
[White "Yoo, Christopher Woojin"]
[Black "Stremavicius, Titas"]
[Result "1/2-1/2"]
[WhiteTitle "IM"]
[BlackTitle "GM"]
[WhiteElo "2514"]
[BlackElo "2520"]
[WhiteFideId "30909694"]
[BlackFideId "12804444"]
[EventDate "2022.03.02"]

1. e4 c5 2. Nf3 Nc6 3. d4 cxd4 4. Nxd4 Nf6 5. Nc3 e6 6. a3 Be7 7. Nxc6 bxc6 8.
e5 Nd5 9. Ne4 Qc7 10. f4 f5 11. Nd6+ Bxd6 12. exd6 Qb6 13. c4 Ne3 14. Qh5+ g6
15. Qh4 O-O 16. Qf2 Nxf1 17. Qxb6 axb6 18. Rxf1 Ba6 19. b3 b5 20. c5 b4 21. Rf2
bxa3 22. Rxa3 Bb7 23. Rfa2 Rxa3 24. Rxa3 Ra8 25. Ra4 Rxa4 26. bxa4 Ba6 27. Kd2
Kf7 28. Bb2 Bf1 29. g3 Bc4 30. Kc3 Be2 31. Kc2 Ke8 32. Bf6 Kf7 33. Be5 Ke8 34.
Kc3 Bd1 35. Kb4 Bc2 36. Bf6 Kf7 37. Be5 Ke8 38. Bf6 Kf7 39. Be5 Ke8 40. Bf6 Kf7 1/2-1/2

[Event "St Louis Spring B"]
[Site "Saint Louis USA"]
[Date "2022.03.03"]
[Round "2.2"]
[White "Ali Marandi, Cemil Can"]
[Black "Mishra, Abhimanyu"]
[Result "1-0"]
[WhiteTitle "GM"]
[BlackTitle "GM"]
[WhiteElo "2524"]
[BlackElo "2505"]
[WhiteFideId "6300529"]
[BlackFideId "30920019"]
[EventDate "2022.03.02"]

1. d4 d5 2. Nf3 Nf6 3. c4 c6 4. Nc3 e6 5. g3 dxc4 6. Bg2 Nbd7 7. O-O b5 8. e4
Bb7 9. e5 Nd5 10. Ng5 h6 11. Nge4 Qb6 12. Be3 Be7 13. Qg4 g6 14. b3 cxb3 15.
axb3 a5 16. Nxd5 cxd5 17. Nd6+ Bxd6 18. exd6 Qxd6 19. Bf4 Qb4 20. Rac1 g5 21.
Be3 Ke7 22. h4 f6 23. Bh3 f5 24. Qh5 Rag8 25. Rc7 Bc8 26. Rfc1 g4 27. Bxh6 Qd2
28. Bxd2 Rxh5 29. Bf1 Rhh8 30. Bxb5 Kf6 31. Bxd7 Bxd7 32. Rxd7 Rc8 33. Re1 Rhe8
34. Bf4 Rc3 35. Ra7 Rxb3 36. Rxa5 Rd3 37. Rxd5 exd5 38. Rxe8 Rd1+ 39. Kg2 Kf7
40. Re5 Rxd4 41. Rxf5+ Ke6 42. Re5+ Kf6 43. h5 Ra4 44. Rxd5 Kg7 45. h6+ Kg6 46.
Rd6+ Kh7 47. Rd7+ 1-0

[Event "St Louis Spring B"]
[Site "Saint Louis USA"]
[Date "2022.03.03"]
[Round "2.3"]
[White "Raja, Harshit"]
[Black "Repka, Christopher"]
[Result "0-1"]
[WhiteTitle "GM"]
[BlackTitle "GM"]
[WhiteElo "2482"]
[BlackElo "2508"]
[WhiteFideId "5089000"]
[BlackFideId "14918781"]
[EventDate "2022.03.02"]

1. d4 Nf6 2. c4 e6 3. Nf3 b6 4. g3 Bb7 5. Bg2 Be7 6. O-O O-O 7. Nc3 Ne4 8. Bd2
d5 9. Qc2 Nxd2 10. Nxd2 c6 11. Rad1 Nd7 12. e4 dxc4 13. e5 b5 14. b3 b4 15. Nce4
c3 16. Nc4 Qc7 17. Ned6 Ba6 18. f4 Nb6 19. Be4 f5 20. Bd3 Nxc4 21. Bxc4 Bxc4 22.
Nxc4 Rad8 23. Ne3 Qb6 24. Nc4 Qb5 25. Ne3 Rd7 26. g4 Qb6 27. Qd3 c5 28. d5 exd5
29. gxf5 c4 30. bxc4 Bc5 31. Rf3 Bxe3+ 32. Rxe3 c2 33. Re1 Qc5 34. e6 dxc4 35.
Qxd7 c1=Q 36. Rxc1 Qxe3+ 37. Kg2 Qxc1 38. e7 Qc2+ 39. Kg1 Qb1+ 40. Kf2 Qe4 41.
exf8=Q+ Kxf8 42. Qc8+ Kf7 43. Qc7+ Kf6 44. Qd6+ Kxf5 45. Qf8+ Kg6 46. Qd6+ Kf7
47. Qc7+ Ke6 48. Qc8+ Kd6 49. Qb8+ Kd5 0-1

[Event "St Louis Spring B"]
[Site "Saint Louis USA"]
[Date "2022.03.03"]
[Round "2.4"]
[White "Khanin, Semen"]
[Black "Moradiabadi, Elshan"]
[Result "1-0"]
[WhiteTitle "IM"]
[BlackTitle "GM"]
[WhiteElo "2509"]
[BlackElo "2540"]
[WhiteFideId "4111990"]
[BlackFideId "12501255"]
[EventDate "2022.03.02"]

1. e4 e5 2. Nf3 Nc6 3. d4 exd4 4. Nxd4 Nf6 5. Nxc6 bxc6 6. e5 Qe7 7. Qe2 Nd5 8.
h4 d6 9. c4 Nb6 10. exd6 Qxe2+ 11. Bxe2 cxd6 12. Bf3 Bb7 13. b3 O-O-O 14. O-O
Be7 15. Bb2 Rhg8 16. h5 Nd7 17. Nc3 Ne5 18. Be2 f5 19. c5 dxc5 20. Na4 Bf6 21.
Rad1 Kb8 22. Nxc5 Nf3+ 23. Bxf3 Bxb2 24. b4 Bc8 25. Bxc6 Ba3 26. Bf3 a5 27. Nd3
Rge8 28. bxa5 Ba6 29. Rfe1 Rxe1+ 30. Nxe1 Rxd1 31. Bxd1 Kc7 32. Bc2 Bc8 33. Nf3
Kd6 34. Bd3 Bc5 35. a6 h6 36. Nh4 Ke5 37. g3 Kf6 38. Ng6 Be6 39. a4 Bf7 40. Nf4
Ke5 41. Kf1 Ba7 42. Ke2 Bb6 43. Bb5 Ba7 44. Kf3 Kd6 45. Ke2 Ke5 46. f3 Kd6 47.
Kd3 Bf2 48. a5 Kc7 49. Bc4 Bxg3 50. Ne2 Bxc4+ 51. Kxc4 Be5 52. Nd4 1-0

[Event "St Louis Spring B"]
[Site "Saint Louis USA"]
[Date "2022.03.03"]
[Round "2.5"]
[White "Hungaski, Robert"]
[Black "Mikaelyan, Arman"]
[Result "1-0"]
[WhiteTitle "GM"]
[BlackTitle "GM"]
[WhiteElo "2537"]
[BlackElo "2497"]
[WhiteFideId "2021030"]
[BlackFideId "13304852"]
[EventDate "2022.03.02"]

1. e4 g6 2. d4 Bg7 3. Nf3 d6 4. c3 Nf6 5. Qc2 O-O 6. Bg5 Nc6 7. Nbd2 h6 8. Bh4
e5 9. dxe5 Nxe5 10. Nxe5 dxe5 11. Nc4 Qe8 12. Ne3 Be6 13. f3 Nd7 14. Be2 f5 15.
exf5 gxf5 16. O-O-O Qf7 17. g4 fxg4 18. Nxg4 Qf4+ 19. Rd2 e4 20. Bg3 Qg5 21. h4
Qa5 22. Bc4 Bxc4 23. Rxd7 Qf5 24. Qd2 Rf7 25. Rxf7 Kxf7 26. Be5 exf3 27. Qd4 Be6
28. Bxg7 Qxg4 29. Qf6+ Kg8 30. Bxh6 Bf5 31. Be3 Rf8 32. Qe5 f2 33. Bxf2 Qf3 34.
Rg1+ Bg4 35. Qg5+ Kf7 36. Rxg4 Ke8 37. Qe3+ 1-0

[Event "St Louis Spring B"]
[Site "Saint Louis USA"]
[Date "2022.03.04"]
[Round "3.1"]
[White "Mikaelyan, Arman"]
[Black "Yoo, Christopher Woojin"]
[Result "1/2-1/2"]
[WhiteTitle "GM"]
[BlackTitle "IM"]
[WhiteElo "2497"]
[BlackElo "2514"]
[WhiteFideId "13304852"]
[BlackFideId "30909694"]
[EventDate "2022.03.02"]

1. d4 Nf6 2. c4 e6 3. Nc3 Bb4 4. e3 O-O 5. Bd2 d5 6. Nf3 b6 7. cxd5 exd5 8. Rc1
Bb7 9. Bd3 Be7 10. O-O c5 11. dxc5 bxc5 12. Re1 Nc6 13. Bb1 Re8 14. e4 dxe4 15.
Nxe4 Nd4 16. Nxd4 Qxd4 17. Bc3 Qxd1 18. Rcxd1 Nd5 19. Be5 Red8 20. a3 f6 21. Bg3
f5 22. Nc3 Nxc3 23. bxc3 g6 24. f3 Bf6 25. Ba2+ Kg7 26. Rb1 Bc6 27. Re6 Rac8 28.
Be5 Bxe5 29. Rxe5 Rd2 30. Bc4 Rc2 31. Ba6 Rd8 32. Rxc5 Rd6 33. Bf1 Ra2 34. Ra5
Rd7 35. Ra6 Rc7 36. h4 Rc2 37. c4 Rd2 38. Re1 Kf6 39. Kh2 h6 40. Re3 Rd4 41. h5
gxh5 42. Rd3 Rxd3 43. Bxd3 Kg5 44. Ra5 Bd7 45. Re5 h4 46. Kh3 Rb7 47. c5 Rb3 48.
Rd5 Be6 49. Rd6 Rxa3 50. c6 Rc3 51. Ba6 Bc4 52. Bc8 Bb5 53. Bd7 a5 54. Rd5 Bxc6
55. Bxc6 Rxc6 56. Rxa5 Rc1 57. Kh2 Rc4 58. Ra6 Rc1 59. Ra4 Rd1 60. Rb4 Rc1 1/2-1/2

[Event "St Louis Spring B"]
[Site "Saint Louis USA"]
[Date "2022.03.04"]
[Round "3.2"]
[White "Moradiabadi, Elshan"]
[Black "Hungaski, Robert"]
[Result "1/2-1/2"]
[WhiteTitle "GM"]
[BlackTitle "GM"]
[WhiteElo "2540"]
[BlackElo "2537"]
[WhiteFideId "12501255"]
[BlackFideId "2021030"]
[EventDate "2022.03.02"]

1. e4 e5 2. Nf3 Nc6 3. Bb5 a6 4. Ba4 d6 5. O-O Bd7 6. Re1 Nge7 7. c3 g6 8. d4
Bg7 9. Be3 O-O 10. d5 Nb8 11. Bxd7 Nxd7 12. c4 h6 13. Nfd2 f5 14. f3 Kh7 15. Nc3
h5 16. b4 Bh6 17. Bxh6 Kxh6 18. c5 f4 19. Nc4 g5 20. Kh1 Nf6 21. Qd2 Ng6 22. g3
b5 23. cxb6 cxb6 24. gxf4 gxf4 25. Ne2 Nh7 26. Rac1 b5 27. Na5 Nh4 28. Ng1 Rf6
29. Nc6 Qb6 30. Rf1 Rg8 31. Qf2 Qxf2 32. Rxf2 Ng5 33. Ra1 Rf7 34. a4 Rfg7 35.
axb5 axb5 36. Rff1 Kh7 37. Ra3 Kh6 38. Raa1 Kh7 39. Ra3 Kh6 1/2-1/2

[Event "St Louis Spring B"]
[Site "Saint Louis USA"]
[Date "2022.03.04"]
[Round "3.3"]
[White "Repka, Christopher"]
[Black "Khanin, Semen"]
[Result "1-0"]
[WhiteTitle "GM"]
[BlackTitle "IM"]
[WhiteElo "2508"]
[BlackElo "2509"]
[WhiteFideId "14918781"]
[BlackFideId "4111990"]
[EventDate "2022.03.02"]

1. Nf3 d5 2. g3 g6 3. Bg2 Bg7 4. O-O e5 5. d3 Ne7 6. c4 dxc4 7. dxc4 O-O 8. Nc3
Nbc6 9. Nd5 h6 10. e4 Bg4 11. Be3 Nd4 12. Bxd4 exd4 13. h3 Bc8 14. Re1 c6 15.
Nf4 a5 16. e5 c5 17. e6 f5 18. Ne5 Bxe5 19. Rxe5 Qd6 20. Qe2 Ra7 21. Re1 b6 22.
h4 Kg7 23. Qd3 h5 24. Qd2 Rh8 25. Bf3 Rh6 26. Nh3 Rh8 27. Ng5 Nc6 28. Bxc6 Qxc6
29. Nf7 Rxf7 30. exf7 Bb7 31. Rd5 Rf8 32. Re7 Ba8 33. Qe2 Kh7 34. Re8 Rxf7 35.
Qe5 Rg7 36. Qb8 Qxe8 37. Qxe8 Bxd5 38. cxd5 d3 39. Kf1 1-0

[Event "St Louis Spring B"]
[Site "Saint Louis USA"]
[Date "2022.03.04"]
[Round "3.4"]
[White "Mishra, Abhimanyu"]
[Black "Raja, Harshit"]
[Result "1-0"]
[WhiteTitle "GM"]
[BlackTitle "GM"]
[WhiteElo "2505"]
[BlackElo "2482"]
[WhiteFideId "30920019"]
[BlackFideId "5089000"]
[EventDate "2022.03.02"]

1. e4 c5 2. Nf3 d6 3. Bb5+ Nd7 4. a4 Nf6 5. Nc3 a6 6. Be2 g6 7. a5 Bg7 8. O-O
O-O 9. d3 b5 10. axb6 a5 11. e5 dxe5 12. Nd2 Qxb6 13. Nc4 Qc7 14. Bf3 Ra6 15.
Re1 e6 16. Bd2 Bb7 17. Bxb7 Qxb7 18. Nxa5 Qc7 19. Nc4 Rxa1 20. Qxa1 Nd5 21. Ne4
Qc6 22. Qd1 Nb4 23. Bc3 Nd5 24. Bd2 Nb4 25. h4 f5 26. Ng5 h6 27. Nf3 Qd5 28. Bc3
e4 29. Bxg7 Kxg7 30. Ne3 Qb7 31. dxe4 fxe4 32. Nd2 Ne5 33. Ndc4 Nxc4 34. Nxc4
Qd5 35. Qe2 Rd8 36. b3 Qf5 37. Ne3 Qe5 38. Qb5 Qc3 39. Qb7+ Kf8 40. Rf1 Qe5 41.
f3 Kg8 42. Ng4 Qd4+ 43. Kh1 Rf8 44. Qe7 Rf4 45. c3 Qxc3 46. Nxh6+ Kh8 47. Qd8+ 1-0

[Event "St Louis Spring B"]
[Site "Saint Louis USA"]
[Date "2022.03.04"]
[Round "3.5"]
[White "Stremavicius, Titas"]
[Black "Ali Marandi, Cemil Can"]
[Result "1/2-1/2"]
[WhiteTitle "GM"]
[BlackTitle "GM"]
[WhiteElo "2520"]
[BlackElo "2524"]
[WhiteFideId "12804444"]
[BlackFideId "6300529"]
[EventDate "2022.03.02"]

1. c4 e5 2. Nc3 Bb4 3. Nd5 Bc5 4. e3 Nf6 5. b4 Nxd5 6. bxc5 Nf6 7. d4 exd4 8.
exd4 O-O 9. Be2 b6 10. Bf3 c6 11. Ne2 Ba6 12. Qa4 b5 13. Qa3 bxc4 14. Nc3 Re8+
15. Be3 d5 16. cxd6 Re6 17. O-O Qxd6 18. Qa5 Re8 19. Rfe1 Qd8 20. Qa4 Bc8 21. d5
cxd5 22. Bb6 axb6 23. Qxa8 Be6 24. Nxd5 Nbd7 25. Qxd8 Rxd8 26. Rad1 Rb8 27. Nb4
Kf8 28. Na6 Rc8 29. Bb7 Rd8 30. a3 Bf5 31. Rd4 c3 32. Rc4 c2 33. Rc8 Rxc8 34.
Bxc8 Bg6 35. f4 Bd3 36. Rc1 Be4 37. Bxd7 Nxd7 38. Nb4 Nc5 39. Na2 f5 40. Rf1 Nd3
41. Nc1 Nb2 42. Re1 Nc4 43. g4 g6 44. Kf2 Kf7 45. gxf5 gxf5 46. Rg1 Nxa3 47. Rg3
Nc4 48. Rc3 b5 49. Rb3 Nd6 1/2-1/2

[Event "St Louis Spring B"]
[Site "Saint Louis USA"]
[Date "2022.03.05"]
[Round "4.1"]
[White "Yoo, Christopher Woojin"]
[Black "Ali Marandi, Cemil Can"]
[Result "1-0"]
[WhiteTitle "IM"]
[BlackTitle "GM"]
[WhiteElo "2514"]
[BlackElo "2524"]
[WhiteFideId "30909694"]
[BlackFideId "6300529"]
[EventDate "2022.03.02"]

1. d4 d5 2. c4 e6 3. Nf3 Nf6 4. g3 h6 5. Bg2 Bd6 6. O-O O-O 7. Nc3 Nc6 8. b3
dxc4 9. bxc4 e5 10. c5 exd4 11. Nxd4 Bxc5 12. Nxc6 bxc6 13. Qxd8 Rxd8 14. Bf4
Bd6 15. Bxc6 Rb8 16. Rfd1 Be6 17. Nb5 Bxf4 18. Rxd8+ Rxd8 19. gxf4 Rd2 20. a4 a5
21. Bf3 Bd5 22. Bxd5 Nxd5 23. e3 Nf6 24. Nxc7 Ne4 25. f3 Nc5 26. Nb5 Rd3 27. Kf2
Rd2+ 28. Kg3 g6 29. Na3 Rb2 30. Nc4 Rb4 31. Nxa5 Rxa4 32. Rxa4 Nxa4 33. f5 Kg7
34. fxg6 Kxg6 35. Nc4 Nc5 36. Ne5+ Kf6 37. Ng4+ Kg6 38. e4 f6 39. h4 h5 40. Ne3
Kg7 41. Nd5 Kg6 42. Nf4+ Kh6 43. Kf2 Nd7 44. Nd5 Kg7 45. f4 Nf8 46. f5 Nd7 47.
Nf4 Kh6 48. Nd3 Kg7 49. Ke3 Nb6 50. Kd4 Kh6 51. Kc5 Na4+ 52. Kb4 Nb6 53. Kb5 Nc8
54. Kc6 Kg7 55. Nf4 Kh6 56. Kd7 Nb6+ 57. Ke6 1-0

[Event "St Louis Spring B"]
[Site "Saint Louis USA"]
[Date "2022.03.05"]
[Round "4.2"]
[White "Raja, Harshit"]
[Black "Stremavicius, Titas"]
[Result "1/2-1/2"]
[WhiteTitle "GM"]
[BlackTitle "GM"]
[WhiteElo "2482"]
[BlackElo "2520"]
[WhiteFideId "5089000"]
[BlackFideId "12804444"]
[EventDate "2022.03.02"]

1. e4 c5 2. Nf3 Nc6 3. Bb5 d6 4. O-O Bd7 5. Re1 Nf6 6. c3 a6 7. Bf1 Bg4 8. d4
cxd4 9. cxd4 d5 10. Nc3 e6 11. exd5 Nxd5 12. h3 Bxf3 13. Qxf3 Be7 14. Nxd5 Qxd5
15. Qxd5 exd5 16. Be3 O-O 17. g3 Bf6 18. Red1 Rac8 19. Bg2 Rfd8 20. Rac1 Ne7 21.
g4 h6 22. a3 Rxc1 23. Rxc1 Nc6 24. Rd1 Ne7 25. Kf1 Rc8 26. Ke2 Rc2+ 27. Rd2 Rc1
28. Kd3 Kf8 29. Re2 Rc6 30. f4 g6 31. Bd2 Re6 32. Rf2 Bh4 33. Rf1 f5 34. Rc1 Ke8
35. Rc7 Rb6 36. b4 Kd8 37. Rc5 Rd6 38. a4 Kd7 39. a5 Bf6 40. g5 Bg7 41. h4 Rc6
42. Rxd5+ Nxd5 43. Bxd5 Rd6 44. gxh6 Bxh6 45. Bxb7 Kc7 46. Bf3 Rd8 47. Be3 Rb8
48. Kc4 Bf8 49. Bd2 Bd6 50. h5 gxh5 51. Bxh5 Rg8 52. Bf7 Rg2 53. Kd3 Rg3+ 54.
Ke2 Rg4 55. Kf3 Rh4 56. Bc4 Rh2 57. Be1 Rh3+ 58. Ke2 Kb7 59. Bd2 Rh4 60. b5 axb5
61. Bxb5 Bxf4 62. Bxf4 Rxf4 63. Bd3 Rxd4 64. Bxf5 Ka6 65. Ke3 Rd5 66. Ke4 Rxf5
67. Kxf5 Kxa5 1/2-1/2

[Event "St Louis Spring B"]
[Site "Saint Louis USA"]
[Date "2022.03.05"]
[Round "4.3"]
[White "Khanin, Semen"]
[Black "Mishra, Abhimanyu"]
[Result "0-1"]
[WhiteTitle "IM"]
[BlackTitle "GM"]
[WhiteElo "2509"]
[BlackElo "2505"]
[WhiteFideId "4111990"]
[BlackFideId "30920019"]
[EventDate "2022.03.02"]

1. d4 d5 2. c4 c6 3. Nf3 Nf6 4. e3 e6 5. Qc2 Nbd7 6. b3 b6 7. Bb2 Bb7 8. Nbd2
Be7 9. Bd3 dxc4 10. bxc4 c5 11. O-O cxd4 12. exd4 O-O 13. Rfe1 Rc8 14. Qb3 Qc7
15. Rac1 Rfe8 16. Bb1 Bf8 17. a4 g6 18. Ba2 Bg7 19. h3 Bc6 20. Bc3 a5 21. Rb1
Nd5 22. Ba1 Nb4 23. Rbc1 e5 24. Nxe5 Nxe5 25. dxe5 Bxe5 26. Bxe5 Rxe5 27. Bb1
Rce8 28. Nf3 Rxe1+ 29. Rxe1 Rxe1+ 30. Nxe1 Qd7 31. Qe3 Qe8 32. Qc3 Bxa4 33. Nf3
Qe2 34. Kh2 Qxf2 35. Qf6 Bc6 36. Qe5 Bxf3 37. Qe8+ Kg7 38. Qe5+ f6 39. Qc7+ Kh6
40. Qf4+ Kh5 0-1

[Event "St Louis Spring B"]
[Site "Saint Louis USA"]
[Date "2022.03.05"]
[Round "4.4"]
[White "Hungaski, Robert"]
[Black "Repka, Christopher"]
[Result "0-1"]
[WhiteTitle "GM"]
[BlackTitle "GM"]
[WhiteElo "2537"]
[BlackElo "2508"]
[WhiteFideId "2021030"]
[BlackFideId "14918781"]
[EventDate "2022.03.02"]

1. e4 e6 2. d4 d5 3. e5 c5 4. c3 Nc6 5. Nf3 Qb6 6. Bd3 cxd4 7. O-O Bd7 8. Re1
Nge7 9. h4 Rc8 10. h5 Nf5 11. Bxf5 exf5 12. cxd4 h6 13. Nc3 Be6 14. Re3 Be7 15.
Ne2 Na5 16. Ne1 Bg5 17. f4 Be7 18. b3 O-O 19. Bb2 Rc7 20. Rc1 Rfc8 21. Rxc7 Rxc7
22. Qb1 Nc6 23. Kh2 Qa5 24. Bc3 Nb4 25. a4 Qa6 26. g4 fxg4 27. Ng3 Qb6 28. Ng2
Bc8 29. Bxb4 Qxb4 30. Rd3 Qa3 31. Qd1 b6 32. f5 Bg5 33. Qxg4 Qb2 34. Kh3 Rc2 35.
Qf3 Ba6 36. Rd1 Rc3 37. Qg4 Be2 0-1

[Event "St Louis Spring B"]
[Site "Saint Louis USA"]
[Date "2022.03.05"]
[Round "4.5"]
[White "Mikaelyan, Arman"]
[Black "Moradiabadi, Elshan"]
[Result "1/2-1/2"]
[WhiteTitle "GM"]
[BlackTitle "GM"]
[WhiteElo "2497"]
[BlackElo "2540"]
[WhiteFideId "13304852"]
[BlackFideId "12501255"]
[EventDate "2022.03.02"]

1. d4 Nf6 2. c4 e6 3. Nf3 d5 4. Nc3 dxc4 5. e4 Bb4 6. Bxc4 Nxe4 7. O-O Nf6 8.
Qa4+ Nc6 9. Ne5 a5 10. Nxc6 bxc6 11. Qxc6+ Bd7 12. Qf3 O-O 13. Bg5 h6 14. Bf4
Bd6 15. Be5 a4 16. Rad1 Rb8 17. Qe2 Bc6 18. f4 Qe7 19. Rd3 Rfd8 20. Rg3 Bxe5 21.
fxe5 Ne8 22. Rf4 Rd7 23. Rfg4 Qb4 24. b3 axb3 25. axb3 Ra8 26. h3 Ra1+ 27. Kh2
Qa3 28. d5 Qc1 29. Re3 h5 30. Rd4 Qg1+ 31. Kg3 g5 32. Ne4 Ng7 33. Nf6+ Kf8 34.
Bd3 Rxd5 35. Rxd5 Bxd5 36. Qd2 c5 37. Nh7+ Ke7 38. Re2 h4+ 39. Kg4 Qd4+ 40. Kxg5
Rf1 41. Nf6 Rxf6 42. exf6+ Qxf6+ 43. Kg4 Qd4+ 44. Kg5 Qf6+ 45. Kg4 Qd4+ 46. Kg5
Qf6+ 1/2-1/2